Zvyšovanie spokojnosti návštevníkov cieľového miesta v cestovnom ruchu
Faktory ovplyvňujúce spokojnosť návštevníka cieľového miesta. Atribúty kvality cieľového miesta.
Guardado en:
| Autor principal: | |
|---|---|
| Formato: | Capítulo de libro |
| Lenguaje: | eslovaco |
| Etiquetas: |
Sin Etiquetas, Sea el primero en etiquetar este registro!
|
MARC
| LEADER | 00000naa$a2200000$$$4500 | ||
|---|---|---|---|
| 001 | 0121837 | ||
| 005 | 20240502072400.0 | ||
| 041 | 0 | |a slo | |
| 044 | |a SK | ||
| 245 | 1 | 0 | |a Zvyšovanie spokojnosti návštevníkov cieľového miesta v cestovnom ruchu |c Anna Konečná |
| 520 | |a Faktory ovplyvňujúce spokojnosť návštevníka cieľového miesta. Atribúty kvality cieľového miesta. | ||
| 100 | 1 | |a Konečná, Anna, 1968- | |